000 00389nam a2200169Ia 4500
008 230524s9999 xx 000 0 und d
020 _a8176569283
082 _a6.133
_bBPD
100 _aBPB Editional Board
245 0 _aData Warehousing
250 _a1ST
260 _aNEW DELHI
_bBPB
_c2004
300 _aVII;200
500 _aQuantity Number: 2
650 _aComp-Sc
942 _cBK
999 _c7006
_d7006